[Event "Budapest FS10 FM-A"]
[Site "Budapest"]
[Date "2002.10.14"]
[Round "10"]
[White "Szilardfy, Gyula"]
[Black "Biro, Gergely"]
[Result "1/2-1/2"]
[WhiteElo "2115"]
[BlackElo "2092"]
[PlyCount "39"]
[EventDate "2002.10.05"]
[EventType "tourn"]
[EventRounds "11"]
[EventCountry "HUN"]
[SourceTitle "CBM 090 Extra"]
[Source "ChessBase"]
[SourceDate "2002.11.07"]
[SourceVersion "1"]
[SourceVersionDate "2002.11.07"]
[SourceQuality "1"]

1. Nf3 d5 2. g3 Nf6 3. Bg2 g6 4. 0-0 Bg7 5. d3 0-0 6. Nbd2 c5 7. e4 dxe4 8. dxe4 Nc6 9. h3 Qc7 10. c3 Rd8 11. Qe2 e5 12. Kh2 b6 13. Re1 a5 14. a4 Ba6 15. Nc4 Rd7 16. Bf1 Ne8 17. Qc2 Bxc4 18. Bxc4 Rad8 19. Bg5 Bf6 20. Rad1 1/2-1/2

[Event "Budapest FS10 FM-A"]
[Site "Budapest"]
[Date "2002.10.13"]
[Round "9"]
[White "Frank, Jozsef"]
[Black "Biro, Gergely"]
[Result "1/2-1/2"]
[WhiteElo "2015"]
[BlackElo "2092"]
[PlyCount "24"]
[EventDate "2002.10.05"]
[EventType "tourn"]
[EventRounds "11"]
[EventCountry "HUN"]
[SourceTitle "CBM 090 Extra"]
[Source "ChessBase"]
[SourceDate "2002.11.07"]
[SourceVersion "1"]
[SourceVersionDate "2002.11.07"]
[SourceQuality "1"]

1. d4 Nf6 2. Nf3 g6 3. g3 Bg7 4. Bg2 0-0 5. 0-0 d5 6. c3 c6 7. Qb3 Nbd7 8. Bg5 Ne4 9. Bf4 Nb6 10. Nbd2 Be6 11. Qc2 Bf5 12. Qb3 Be6 1/2-1/2

[Event "Budapest FS10 FM-A"]
[Site "Budapest"]
[Date "2002.10.06"]
[Round "2"]
[White "Biro, Gergely"]
[Black "Szentmihalyi, Tamas"]
[Result "1/2-1/2"]
[WhiteElo "2092"]
[BlackElo "2092"]
[PlyCount "61"]
[EventDate "2002.10.05"]
[EventType "tourn"]
[EventRounds "11"]
[EventCountry "HUN"]
[SourceTitle "CBM 090 Extra"]
[Source "ChessBase"]
[SourceDate "2002.11.07"]
[SourceVersion "1"]
[SourceVersionDate "2002.11.07"]
[SourceQuality "1"]

1. e4 d6 2. d4 Nf6 3. Nc3 g6 4. f4 Bg7 5. Nf3 c5 6. d5 0-0 7. Be2 e6 8. 0-0 exd5 9. exd5 Re8 10. Nd2 a6 11. a4 b6 12. Bf3 Ra7 13. Nc4 Rae7 14. Bd2 h5 15. Be1 Ng4 16. Bh4 Bf6 17. Bxf6 Nxf6 18. h3 Kg7 19. Qd2 Bf5 20. Rae1 Ne4 21. Bxe4 Bxe4 22. Re3 Bf5 23. Rfe1 Rxe3 24. Rxe3 Rxe3 25. Nxe3 Qf6 26. b3 Bd7 27. Ned1 b5 28. Ne4 Qe7 29. Ndf2 f6 30. c4 b4 31. g3 1/2-1/2

[Event "HUN-chT2 0102"]
[Site "Hungary"]
[Date "2002.04.07"]
[Round "10"]
[White "Szekely, Ferenc"]
[Black "Biro, Gergely"]
[Result "1/2-1/2"]
[WhiteElo "1974"]
[BlackElo "2088"]
[PlyCount "48"]
[EventDate "2001.??.??"]
[EventType "team"]
[EventRounds "11"]
[EventCountry "HUN"]
[SourceTitle "EXT 2004"]
[Source "ChessBase"]
[SourceDate "2003.11.25"]
[SourceVersion "1"]
[SourceVersionDate "2003.11.25"]
[SourceQuality "1"]

1. e4 c5 2. Nf3 Nc6 3. d4 cxd4 4. Nxd4 Nf6 5. Nc3 e5 6. Ndb5 d6 7. Bg5 a6 8. Na3 b5 9. Bxf6 gxf6 10. Nd5 Bg7 11. Bd3 Ne7 12. Nxe7 Qxe7 13. c3 0-0 14. 0-0 f5 15. Nc2 f4 16. a4 Bb7 17. Re1 bxa4 18. Qh5 Kh8 19. Nb4 Bc8 20. Nc6 Qe6 21. Nb4 Rg8 22. Nd5 Bh6 23. Qf5 Qxf5 24. exf5 Rb8 1/2-1/2